=LDR 00000nam 2200000 4500 =001 INLIS000000000006035 =005 20130612094216 =008 ***********************************Ind** =035 ##$$0010-061300000006035 =041 ##$$a Ind =082 ##$$a 153.42 =090 ##$$a 153.42 Bon e =100 ##$$a Bono, Edward de =245 ##$$a Enam topi berfikir/Edward de Bono; alih bahasa FX. Budiyanto =260 ##$$a 1991 $b Jakarta =300 ##$$a 177 hlm. ; 21 cm =650 ##$$a Fikiran dan Pemikiran =700 ##$$a Budiyanto, FX =850 ##$$a NBPNMAT